[Event "Louviers op 9th"]
[Site "Louviers "]
[Date "2006.05.06"]
[Round "6"]
[White "Voegele, Francois Marie"]
[Black "Frigere, Guy"]
[Result "0-1"]
[WhiteElo "1060"]
[BlackElo "1440"]
[PlyCount "96"]
[EventDate "2006.03.06"]
[EventType "swiss"]
[EventRounds "7"]
[EventCountry "FRA"]
[SourceTitle "EXT 2008"]
[Source "ChessBase"]
[SourceDate "2007.11.25"]
[SourceVersion "1"]
[SourceVersionDate "2007.11.25"]
[SourceQuality "1"]

1. e4 e5 2. Nc3 c5 3. d3 d6 4. Be2 h6 5. Be3 Nf6 6. Nf3 Nbd7 7. 0-0 b6 8. Qd2 Bb7 9. Nh4 Be7 10. Nf5 0-0 11. Nxe7+ Qxe7 12. Bf3 a5 13. Qe2 a4 14. Bg4 Nb8 15. Bf3 a3 16. bxa3 Rxa3 17. Nd5 Nxd5 18. exd5 Nd7 19. Rfb1 Rfa8 20. Rb3 Rxa2 21. Rxa2 Rxa2 22. Qd1 Qd8 23. g3 Nf6 24. c4 Nd7 25. Qb1 Qa8 26. Qf1 Qa7 27. Bg4 Nf6 28. Bf3 Bc8 29. Rb5 Bd7 30. Rb1 Bh3 31. Qxh3 Ra1 32. Qf1 Rxb1 33. Qxb1 h5 34. Qb5 Qb8 35. Bg5 Nh7 36. Be7 g5 37. Bxh5 f5 38. Qb1 Qc7 39. Bxg5 Nxg5 40. g4 fxg4 41. Bxg4 Kg7 42. Qd1 Qe7 43. h4 Nf7 44. h5 Nh6 45. Bf3 Qg5+ 46. Bg4 Nxg4 47. Qb1 Ne3+ 48. Kh1 Qg2# 0-1

[Event "Louviers op 9th"]
[Site "Louviers "]
[Date "2006.04.06"]
[Round "5"]
[White "Arinal, Serge"]
[Black "Frigere, Guy"]
[Result "0-1"]
[WhiteElo "1590"]
[BlackElo "1440"]
[PlyCount "54"]
[EventDate "2006.03.06"]
[EventType "swiss"]
[EventRounds "7"]
[EventCountry "FRA"]
[SourceTitle "EXT 2008"]
[Source "ChessBase"]
[SourceDate "2007.11.25"]
[SourceVersion "1"]
[SourceVersionDate "2007.11.25"]
[SourceQuality "1"]

1. Nf3 Nf6 2. g3 d5 3. Bg2 Bf5 4. d3 e6 5. 0-0 Bd6 6. Nc3 Nbd7 7. Nb5 Qe7 8. Nxd6+ Qxd6 9. b3 Bg4 10. Qd2 Bxf3 11. Bxf3 h5 12. Qc3 c6 13. Bg5 Rh7 14. a4 a5 15. Be3 Qc7 16. Bf4 e5 17. Bg5 0-0-0 18. Bg2 Rdh8 19. h4 Ng4 20. f3 Qb6+ 21. d4 exd4 22. Qd3 Nge5 23. Qd2 d3+ 24. Be3 Qc7 25. cxd3 f6 26. d4 Nf7 27. Bh3 Qxg3+ 0-1